| 000 -LEADER |
| fixed length control field |
01270cam a22003257a 4500 |
| 001 - CONTROL NUMBER |
| control field |
13873984 |
| 005 - DATE AND TIME OF LATEST TRANSACTION |
| control field |
20221116103630.0 |
| 008 - FIXED-LENGTH DATA ELEMENTS--GENERAL INFORMATION |
| fixed length control field |
050215s2006 inua 001 0 eng c |
| 010 ## - LIBRARY OF CONGRESS CONTROL NUMBER |
| LC control number |
2005922371 |
| 020 ## - INTERNATIONAL STANDARD BOOK NUMBER |
| International Standard Book Number |
1587052393 (pbk.) x |
| 035 ## - SYSTEM CONTROL NUMBER |
| System control number |
(OCoLC)ocm64441632 |
| 080 ## - UNIVERSAL DECIMAL CLASSIFICATION NUMBER |
| Universal Decimal Classification number |
004 C-23 |
| 100 1# - MAIN ENTRY--PERSONAL NAME |
| Personal name |
Carter, Earl. |
| 9 (RLIN) |
677 |
| 245 10 - TITLE STATEMENT |
| Title |
Intrusion prevention fundamentals / |
| Statement of responsibility, etc. |
Earl Carter, Jonathan Hogue. |
| 246 1# - VARYING FORM OF TITLE |
| Display text |
Subtitle on cover: |
| Title proper/short title |
Introduction to network attack mitigation with IPS |
| 260 ## - PUBLICATION, DISTRIBUTION, ETC. |
| Place of publication, distribution, etc. |
Indianapolis, IN : |
| Name of publisher, distributor, etc. |
Cisco Press, |
| Date of publication, distribution, etc. |
c2006. |
| 300 ## - PHYSICAL DESCRIPTION |
| Extent |
xxiii, 287 p. : |
| Other physical details |
ill. ; |
| Dimensions |
24 cm. |
| 440 #0 - SERIES STATEMENT/ADDED ENTRY--TITLE |
| Title |
Cisco Press fundamentals series |
| 9 (RLIN) |
678 |
| 500 ## - GENERAL NOTE |
| General note |
Includes index. |
| 650 #0 - SUBJECT ADDED ENTRY--TOPICAL TERM |
| Topical term or geographic name entry element |
Computer networks |
| General subdivision |
Security measures. |
| 9 (RLIN) |
679 |
| 650 #0 - SUBJECT ADDED ENTRY--TOPICAL TERM |
| Topical term or geographic name entry element |
Computer networks |
| General subdivision |
Access control. |
| 9 (RLIN) |
680 |
| 650 #0 - SUBJECT ADDED ENTRY--TOPICAL TERM |
| Topical term or geographic name entry element |
Computer security. |
| 9 (RLIN) |
681 |
| 653 ## - INDEX TERM--UNCONTROLLED |
| keyword |
ინფორმატიკა |
| 700 1# - ADDED ENTRY--PERSONAL NAME |
| Personal name |
Hogue, Jonathan. |
| 9 (RLIN) |
682 |
| 856 41 - ELECTRONIC LOCATION AND ACCESS |
| Materials specified |
Table of contents only |
| Uniform Resource Identifier |
http://www.loc.gov/catdir/toc/fy0612/2005922371.html |
| 906 ## - LOCAL DATA ELEMENT F, LDF (RLIN) |
| a |
7 |
| b |
cbc |
| c |
pccadap |
| d |
2 |
| e |
ncip |
| f |
20 |
| g |
y-gencatlg |
| 942 ## - ADDED ENTRY ELEMENTS (KOHA) |
| Source of classification or shelving scheme |
|
| Koha item type |
წიგნი |